| 000 | 00836na a2200289 4500 | ||
|---|---|---|---|
| 001 | 17933 | ||
| 003 | MIRAKIL | ||
| 005 | 20181213154842.0 | ||
| 008 | 161108b tu 000 0 | ||
| 020 | _a97899444933402 | ||
| 035 | _a17933 | ||
| 040 |
_aMilas _btur _cTR-AnCHP |
||
| 041 | _atur | ||
| 082 |
_a322.4 _bK75y 2014 |
||
| 090 | _a322.4 K75y 2014 | ||
| 100 | _aKömürcüoğlu, Hüseyin | ||
| 245 |
_aY kuşağını anlamak _bbir gezi parkı araştırması _cHüseyin Kömürcüoğlu |
||
| 246 | _aBir gezi parkı araştırması | ||
| 260 |
_aAnkara _bKanguru Yayınları _c2014 |
||
| 300 |
_a160 s. _btbl. _c21 sm. |
||
| 650 |
_aY kuşağı _zTürkiye |
||
| 650 | _aGezi Parkı olayları | ||
| 651 |
_aTürkiye _xAyaklanma ve isyan |
||
| 700 | _aŞeyben, Yasemin Burcu | ||
| 700 | _aRobins, Kevin | ||
| 942 |
_2ddc _cBKS |
||
| 999 |
_c1990 _d1990 |
||